Es La hora de la serenidad y el coraje /
Сохранить в:
| Главный автор: | |
|---|---|
| Формат: | Текст |
| Предметы: | |
| Метки: |
Добавить метку
Нет меток, Требуется 1-ая метка записи!
|
MARC
| LEADER | 00000 a a2200000 04500 | ||
|---|---|---|---|
| 001 | 2664 | ||
| 003 | |||
| 040 | |||
| 100 | |a Castro Ruz, Fidel | ||
| 245 | |a Es La hora de la serenidad y el coraje / |c Fidel Castro Ruz | ||
| 500 | |a Discurso pronunciado en la Tribuna Abierta de la Revolución, San Antonio de los Baños, La Habana, 22 setiembre 2001 | ||
| 650 | |a TERRORISMO | ||
| 650 | |a GUERRA | ||
| 773 | |g volumen 42, número 225; páginas 36-38 | ||
| 999 | |c 37853 |d 37853 | ||
